00758nam a2200217Ia 450000500170000000800410001702000150005808200200007310000220009324501020011525000190021730000430023665000400027965000320031970000160035126400500036733600270041733700330044433800280047704000350050520220317000628.0160601s2003 ck a g 000 0 spa  a968166928204a571.1028 bM15a1 aManzanilla, Linda13aLa arqueología buna visión científica del pasado del hombre cLinda Manzanilla, Luis Barba a3a. edición  a108 páginas bilustraciones c22 cm 142LEMBaArqueologíaxMetodología 142LEMBaSuperficie terrestre 1 aBarba, Luis aBogotá bFondo de Cultura Económicac2003 atextobtxt2rdacontent asin mediaciónbn2rdamedia avolumenbnc2rdacarrier aCO-BoRNBPbspaerdacCO-BoRNBP